| 000 | 00756nam a2200241 a 4500 | ||
|---|---|---|---|
| 001 | BRCA_4219 | ||
| 005 | 20190320204605.0 | ||
| 008 | 090610s1964----mx-a######---#000-0#spa-# | ||
| 041 | _aspa | ||
| 044 | _amx | ||
| 050 | 4 |
_aF1204 _b.D53 1964 |
|
| 245 | 1 | 0 |
_aDiccionario porrúa _bde historia, biografía y geografía de México. |
| 260 |
_aMéxico _bPorrúa _c1964 |
||
| 300 |
_axxix, 1721 p. _bil. a color, 38 mapas _c25 cm. |
||
| 500 | _aIncluye apéndice bibliográfico | ||
| 500 | _aDiccionario inventariado por Banco de México como libro | ||
| 500 | _aAM27 | ||
| 651 | 4 |
_aMéxico _vEnciclopedias _xHistoria _95982 |
|
| 651 | 4 |
_aMéxico _vBiografías _92411 |
|
| 651 | 4 |
_aMéxico _vEnciclopedias _xGeografía _95983 |
|
| 902 | _aGFM | ||
| 942 |
_2lcc _cB |
||
| 999 |
_c3930 _d3930 |
||